Eurovision 2026 nach Kritzeleien Teil 1 - Statistiken

Allgemein
  • Dieses Quiz wurde 49 mal gespielt
  • Das Durchschnittsergebnis liegt bei 9 aus 12
Antwortstatistiken
Bildquiz Antwort % Korrekt
Schweden
96%
Serbien
89%
Malta
84%
Schweiz
84%
Ukraine
82%
Armenien
80%
Zypern
80%
Israel
76%
Estland
71%
Großbritannien
69%
Frankreich
47%
Montenegro
47%
Keine übereinstimmenden Quizze gefunden
Verteilung der Resultate
Anzahl Personen mit jedem Resultat
Perzentil nach korrekt beantworteten Fragen
Ihre Resultats-Entwicklung
Sie haben dieses Quiz noch nicht gespielt